| 000 | 00480nam a22001697a 4500 | ||
|---|---|---|---|
| 005 | 20251108164232.0 | ||
| 008 | 250721s1983 xx 000 0 ara d | ||
| 082 | 1 | 4 | _a327.14/أحم |
| 100 | 1 | _aنوفل، أحمد | |
| 245 | 1 | 0 | _aالإشاعة / |
| 264 | 1 |
_aعمان : _bدار الفرقان للنشر و التوزيع، _c1983. |
|
| 300 | _a150ص | ||
| 490 | 0 | _aسلسلة الحرب النفسية ؛ 1 | |
| 650 | 1 | 7 | _aالإشاعة |
| 942 |
_2ddc _cBK |
||
| 999 |
_c7066 _d7066 |
||